Ecología microbiana y microbiología ambiental

Αποθηκεύτηκε σε:
Λεπτομέρειες βιβλιογραφικής εγγραφής
Κύριος συγγραφέας: Atlas, Ronald M
Άλλοι συγγραφείς: Bartha, Richard
Μορφή: Βιβλίο
Γλώσσα:Ισπανικά
Έκδοση: Madrid Pearson Educación 2002
Έκδοση:Segunda edición
Θέματα:
Ετικέτες: Προσθήκη ετικέτας
Δεν υπάρχουν, Καταχωρήστε ετικέτα πρώτοι!

MARC

LEADER 00000cam a2200000 a 4500
001 UCL9895
003 CL-VaPUC
005 20220408074348.0
008 040903e20020000SP |||||||||||||||||spa|d
999 |c 310514  |d 310512 
020 |a 8478290397 
040 |c Pontificia Universidad Católica de Valparaíso 
082 0 4 |a 579.17 ATL 2002  |2 21 
100 0 |a Atlas, Ronald M  |9 487803 
245 1 0 |a Ecología microbiana y microbiología ambiental 
250 |a Segunda edición 
260 |a Madrid  |b Pearson Educación  |c 2002 
300 |a 677 páginas 
583 |a last modification  |c 20170417 01:11:22  |k Rodrigo Vera 
650 0 |a Ecología   |9 258124 
650 0 |a Microbiología   |9 259706 
650 0 |a Microorganismos  |9 264259 
650 0 |a Ecosistemas  |9 261477 
700 0 |a Bartha, Richard  |9 487804 
942 |c BK  |2 ddc 
945 |d 20040903 00:00:00  |a cmena 
952 |0 0  |1 0  |2 ddc  |4 0  |6 579_170000000000000_ATL_2002  |7 0  |8 A  |9 379067  |a BIBCUR  |b BIBCUR  |d 2019-11-21  |i 4056477  |l 2  |o 579.17 ATL 2002  |p 4056477  |r 2025-05-08  |s 2025-05-08  |t 1  |w 2019-11-21  |y BK  |k BIO 
952 |0 0  |1 0  |2 ddc  |4 0  |6 579_170000000000000_ATL_2002  |7 0  |8 A  |9 379069  |a BIBAGR  |b BIBAGR  |d 2019-11-21  |i 4235592  |l 1  |o 579.17 ATL 2002  |p 4235592  |r 2025-01-20  |s 2022-10-17  |t 5  |w 2019-11-21  |y BK  |k AGR 
952 |0 0  |1 0  |2 ddc  |3 erb  |4 0  |6 579_170000000000000_ATL_2002  |7 0  |8 A  |9 379070  |a BIBCUR  |b BIBCUR  |i 5388449  |o 579.17 ATL 2002  |p 5388449  |r 2025-04-22  |t 3  |w 2019-11-21  |y BK  |z Catalogado en:20170422  |k BIO 
952 |0 0  |1 0  |2 ddc  |3 erb  |4 0  |6 579_170000000000000_ATL_2002  |7 0  |8 A  |9 379071  |a BIBCUR  |b BIBCUR  |i 5388457  |l 2  |o 579.17 ATL 2002  |p 5388457  |r 2025-04-30  |s 2025-04-22  |t 4  |w 2019-11-21  |y BK  |z Catalogado en:20170422  |k BIO